000 00321nam a2200133Ia 4500
008 191201s2008 xx 000 0 und d
082 _a621.38214
_bHAE
100 _aHAYT, William H
245 0 _aEngineering Electromagnetics
260 _aN.Delhi
_bTMH
_c2008
300 _a582
650 _aB.Tech(ECE)
942 _2ddc
_cBK
999 _c3894
_d3894